Annual report, 2018-19 (Record no. 514343)
[ view plain ]
| 000 -LEADER | |
|---|---|
| fixed length control field | 00372nam a2200121 4500 |
| 082 ## - DEWEY DECIMAL CLASSIFICATION NUMBER | |
| Classification number | A45:Y26 EMC/2018-19 |
| 100 ## - MAIN ENTRY--PERSONAL NAME | |
| Personal name | Kerala.Energy Management Centre |
| 9 (RLIN) | 9311 |
| 245 ## - TITLE STATEMENT | |
| Title | Annual report, 2018-19 |
| 260 ## - PUBLICATION, DISTRIBUTION, ETC. (IMPRINT) | |
| Place of publication, distribution, etc | Thiruvanathapuram |
| Name of publisher, distributor, etc | The author |
| 300 ## - PHYSICAL DESCRIPTION | |
| Extent | 111p |
| 650 ## - SUBJECT ADDED ENTRY--TOPICAL TERM | |
| Topical term or geographic name as entry element | Energy conservation -- Kerala -- India |
| 9 (RLIN) | 9733 |
| 650 ## - SUBJECT ADDED ENTRY--TOPICAL TERM | |
| Topical term or geographic name as entry element | Energy resources -- Kerala -- India |
| 9 (RLIN) | 9734 |
No items available.
